Loading...

Kakkidippuram valliullahi /

Bibliographic Details
Main Author: Panthavoor, K. V. M.
Format: Printed Book
Language:Malayalam
Published: Panthavoor : Lukhmania , 1990.
LEADER 00479nam a2200133Ia 4500
008 150624b xxu||||| |||| 00| | mal d
082 |a 297.40924 
100 |a Panthavoor, K. V. M. 
245 |c K. V. M. Panthavoor  |a Kakkidippuram valliullahi / 
260 |a Panthavoor :  |b Lukhmania ,  |c 1990. 
546 |a In Malayalam. 
942 |c BK 
999 |c 82906  |d 82906 
952 |0 1  |1 0  |4 1  |6 297_409240000000000_PAN_K_M  |7 0  |9 82850  |a UL  |b UL  |c ST1  |d 1998-08-28  |l 0  |o 297.40924 PAN/K M  |p 65726  |r 2012-10-27  |w 2012-10-27  |y BK